书目信息 |
| 题名: |
民用建筑能耗标准= Standard for energy consumption of building
|
|
| 作者: | 中华人民共和国住房和城乡建设部 | |
| 分册: | ||
| 出版信息: | 北京 中国建筑工业出版社 2016.12 |
|
| 页数: | 59页 | |
| 开本: | 20cm | |
| 丛书名: | ||
| 单 册: | ||
| 中图分类: | TU24-65 | |
| 科图分类: | ||
| 主题词: | 民用建筑--建筑设计 | |
| 电子资源: | ||
| ISBN: | ||
| 000 | 00838nam0 2200205 45 | |
| 001 | 1955660394 | |
| 005 | 20190314152928.40 | |
| 010 | @dRMB 11.00 | |
| 100 | @a20190314d2016 km y0chiy0120 ea | |
| 101 | 0 | @achi |
| 102 | @aCN@b110000 | |
| 200 | 1 | @a民用建筑能耗标准= Standard for energy consumption of building@Amin yong jian zhu neng hao biao zhun=Standard for energy consumption of building@eGB/T 51161-2016@f中华人民共和国住房和城乡建设部@Fzhong hua ren min gong he guo zhu fang he cheng xiang jian she bu |
| 210 | @a北京@c中国建筑工业出版社@d2016.12 | |
| 215 | @a59页@d20cm | |
| 517 | @aGB/T 51161-2016 | |
| 606 | 0 | @a民用建筑@x建筑设计 |
| 690 | @aTU24-65@v4 | |
| 701 | 0 | @a中华人民共和国住房和城乡建设部@Azhong hua ren min gong he guo zhu fang he cheng xiang jian she bu |
| 801 | 0 | @aCN@bPFT@c20190314 |
| 905 | @a10447@dTU24-65@eZ9111 | |
| 民用建筑能耗标准= Standard for energy consumption of building:GB/T 51161-2016/中华人民共和国住房和城乡建设部.-北京:中国建筑工业出版社,2016.12 |
| 59页;20cm |
| ISBN :RMB 11.00 |
| ● |
| 相关链接 |
|
|
|
正题名:民用建筑能耗标准= Standard for energy co
索取号:TU24-65/Z9111
 
预约/预借
| 序号 | 登录号 | 条形码 | 馆藏地/架位号 | 状态 | 备注 |
| 1 | 1244565 | 212445656 | 建筑库101/101建筑库 62排6列4层/ [索取号:TU24-65/Z9111] | 在馆 |